| 000 | 00595nam a2200217 4500 | ||
|---|---|---|---|
| 003 | SEACOMEC | ||
| 005 | 20240314114609.0 | ||
| 008 | 240314b |||||||| |||| 00| 0 eng d | ||
| 020 |
_a 9788183712460 _cRs. 190.00 |
||
| 040 | _aSEACOMEC | ||
| 041 | _aEnglish | ||
| 082 |
_a510.02462 _bA793 |
||
| 100 | _aAnumugam, S | ||
| 245 |
_aEngineering Mathematics -II _cS. Anumugam , A.T. Isaac & A Samasundaram |
||
| 260 |
_aChennai _bScitech Publications _c2004 |
||
| 300 | _avol- II | ||
| 650 |
_aMathematics - _vEngineering |
||
| 700 | _a Isaac, A.T. | ||
| 700 | _aSamasundaram, A | ||
| 942 | _cBOOK | ||
| 999 |
_c790 _d790 |
||